| 000 | 00525nam a2200145Ia 4500 | ||
|---|---|---|---|
| 008 | 100415s9999 xx 000 0 und d | ||
| 082 |
_b7722 _a719.676 |
||
| 100 | _aHuxley Julian | ||
| 245 | _aThe Conservation of Wildlife and Natural Habitats in Central and East Africa | ||
| 260 |
_aPARIS _c1961 _bUNESCO |
||
| 365 | _b0 | ||
| 630 | _aThe Conservation of Wildlife and Natural Habitats in Central and East Africa | ||
| 730 | _aThe Conservation of Wildlife and Natural Habitats in Central and East Africa | ||
| 942 | _cBOOK | ||
| 999 |
_c590674 _d590671 |
||